[Event "28th olm final"]
[Site "Thessaloniki"]
[Date "1988.11.13"]
[Round "1.3"]
[White "Hoi, Carsten"]
[Black "Saleh, Najib Mohamed"]
[Result "1-0"]
[WhiteElo "2455"]
[BlackElo "2205"]
[EventDate "1988.11.13"]
[WhiteTeam "Denmark"]
[BlackTeam "United Arab Emirates"]
[PlyCount "63"]

1.d4 Nf6 2.c4 g6 3.Nc3 Bg7 4.e4 d6 5.Nf3 O-O 6.h3 Nbd7 7.Be3 e5 8.d5 Nc5
9.Nd2 a5 10.Be2 Nfd7 11.g4 f5 12.exf5 gxf5 13.gxf5 Nb6 14.Nde4 Nxe4 15.
Nxe4 Bxf5 16.Ng3 Qh4 17.Qc1 Na4 18.Nxf5 Rxf5 19.Qc2 Raf8 20.Bg4 Rf3 21.
Bxf3 Rxf3 22.O-O-O Nc5 23.Rhg1 e4 24.Bd4 Rf7 25.Rg4 Qh6+ 26.Kb1 Kf8 27.
Bxc5 dxc5 28.Rxe4 Qxh3 29.Rde1 Bd4 30.Re8+ Kg7 31.Rg1+ Kh6 32.Qd2+ 1-0

[Event "28th olm final"]
[Site "Thessaloniki"]
[Date "1988.11.14"]
[Round "2.1"]
[White "Atalik, Suat"]
[Black "Hansen, Curt"]
[Result "1-0"]
[WhiteElo "2390"]
[BlackElo "2520"]
[EventDate "1988.11.13"]
[WhiteTeam "Turkey"]
[BlackTeam "Denmark"]
[PlyCount "72"]

1.d4 Nf6 2.c4 e6 3.Nf3 c5 4.d5 exd5 5.cxd5 d6 6.Nc3 g6 7.e4 Bg7 8.h3 O-O
9.Bd3 Nbd7 10.O-O Nh5 11.Bg5 Bf6 12.Bh6 Re8 13.g4 Bg7 14.Bg5 Nhf6 15.Re1
a6 16.Qd2 b5 17.Qf4 Qe7 18.a3 h5 19.Qg3 hxg4 20.hxg4 Qf8 21.Bf4 Ne5 22.
Nxe5 dxe5 23.Bxe5 Rxe5 24.Qxe5 Nxg4 25.Qg3 Bd4 26.Re2 Qh6 27.e5 Qh5 28.
Rae1 Bb7 29.Kg2 Bxc3 30.bxc3 Bxd5+ 31.Be4 Rd8 32.Qh3 Qf5 33.Bxd5 Rxd5 34.
Qh4 Nh6 35.Qxh6 Qg4+ 36.Kf1 Qd7 1-0

[Event "28th olm final"]
[Site "Thessaloniki"]
[Date "1988.11.14"]
[Round "2.2"]
[White "Hansen, Lars Bo"]
[Black "Yilmaz, Turhan"]
[Result "1-0"]
[WhiteElo "2455"]
[BlackElo "2345"]
[EventDate "1988.11.13"]
[WhiteTeam "Denmark"]
[BlackTeam "Turkey"]
[PlyCount "105"]

1.d4 f5 2.g3 Nf6 3.Bg2 g6 4.Nf3 Bg7 5.O-O O-O 6.c4 d6 7.Nc3 c6 8.b3 Na6 9.
Re1 e5 10.dxe5 Ng4 11.Bb2 Qb6 12.e3 dxe5 13.h3 Nh6 14.Na4 Qc7 15.a3 e4 16.
Bxg7 Qxg7 17.Nd4 Nf7 18.f4 exf3 19.Nxf3 Rd8 20.Qc2 Be6 21.Rad1 Nd6 22.Ng5
Qe7 23.h4 Rf8 24.Qc3 Nf7 25.Nh3 Qxa3 26.Nf4 Rae8 27.h5 g5 28.Nxe6 Rxe6 29.
Rd7 Nc5 30.Nxc5 Qxc5 31.Kh1 Rfe8 32.Rxb7 a5 33.Rf1 Rh6 34.g4 Qxe3 35.Qxe3
Rxe3 36.Rxf5 Ne5 37.Re7 Nxg4 38.Rxg5+ Kf8 39.Rxe3 Nxe3 40.Rxa5 Rd6 41.Be4
h6 42.Rc5 Ke7 43.Rxc6 Rd4 44.Bg6 Rd1+ 45.Kh2 Rd2+ 46.Kg3 Rb2 47.Kf4 Rxb3
48.Bf5 Nxf5 49.Kxf5 Kd7 50.Rxh6 Rc3 51.Ra6 Rxc4 52.h6 Rh4 53.h7 1-0

[Event "28th olm final"]
[Site "Thessaloniki"]
[Date "1988.11.14"]
[Round "2.3"]
[White "Arduman, Can"]
[Black "Hoi, Carsten"]
[Result "1/2-1/2"]
[WhiteElo "2285"]
[BlackElo "2455"]
[EventDate "1988.11.13"]
[WhiteTeam "Turkey"]
[BlackTeam "Denmark"]
[PlyCount "109"]

1.d4 d6 2.Nf3 g6 3.c4 Bg7 4.g3 Nf6 5.Bg2 O-O 6.O-O Bg4 7.h3 Bxf3 8.Bxf3
Nc6 9.Na3 Nd7 10.d5 Nce5 11.Bg2 Nb6 12.Qc2 c6 13.f4 Ned7 14.dxc6 bxc6 15.
Be3 Qc7 16.Rad1 a5 17.Rd2 Nc5 18.b3 Nbd7 19.Nb1 Rfd8 20.Nc3 a4 21.Nxa4
Nxa4 22.bxa4 Rxa4 23.Qe4 d5 24.Qxe7 Bf8 25.Qh4 Rxc4 26.Kh1 Re8 27.Bg1 Be7
28.Qh6 Nf6 29.g4 Bf8 30.Qg5 Qe7 31.Rd4 Rxd4 32.Bxd4 Ne4 33.Qxe7 Ng3+ 34.
Kg1 Rxe7 35.Rd1 Nxe2+ 36.Kf1 Nxd4 37.Rxd4 Re3 38.Rd2 Ra3 39.Rc2 Ra4 40.
Rxc6 Rxa2 41.Bxd5 Rd2 42.Bc4 Rd4 43.f5 gxf5 44.gxf5 Rf4+ 45.Kg2 Rxf5 46.
Bd3 Rg5+ 47.Kf3 Kg7 48.Rc2 Rh5 49.Rg2+ Kh6 50.Rh2 Bd6 51.Rh1 Rg5 52.Bc4 f6
53.Rd1 Be5 54.Be6 Rg3+ 55.Ke4 1/2-1/2

[Event "28th olm final"]
[Site "Thessaloniki"]
[Date "1988.11.15"]
[Round "3.2"]
[White "Lobron, Eric"]
[Black "Mortensen, Erling"]
[Result "0-1"]
[WhiteElo "2530"]
[BlackElo "2470"]
[EventDate "1988.11.13"]
[WhiteTeam "West Germany"]
[BlackTeam "Denmark"]
[PlyCount "98"]

1.Nf3 Nf6 2.c4 g6 3.Nc3 Bg7 4.g3 O-O 5.Bg2 c6 6.d4 d6 7.O-O Qa5 8.h3 e5 9.
e4 Nbd7 10.Be3 exd4 11.Bxd4 Nb6 12.Qd3 Be6 13.b3 Nfd7 14.Bxg7 Kxg7 15.Nd4
Rae8 16.Rfe1 Qh5 17.Qe2 Qxe2 18.Rxe2 Nc5 19.Rd1 a5 20.e5 dxe5 21.Rxe5 Nbd7
22.Re2 Nb6 23.Re5 Nbd7 24.Re2 Nb6 25.a3 Bc8 26.Red2 Re7 27.Bf1 Rfe8 28.b4
axb4 29.axb4 Ne4 30.Nxe4 Rxe4 31.c5 Nd5 32.Nc2 R4e7 33.Bg2 Nc3 34.Ra1 Re2
35.Rxe2 Rxe2 36.Nd4 Rd2 37.Nf3 Rb2 38.Ra8 Be6 39.Nd4 Rxb4 40.Nxe6+ fxe6
41.Re8 Kf7 42.Rb8 h5 43.Kh2 Rb5 44.Bf1 Rb2 45.Ba6 Rxf2+ 46.Kg1 Rf5 47.
Rxb7+ Kf6 48.Rb6 Rxc5 49.Bb7 Ne2+ 0-1

[Event "28th olm final"]
[Site "Thessaloniki"]
[Date "1988.11.15"]
[Round "3.3"]
[White "Schandorff, Lars"]
[Black "Kindermann, Stefan"]
[Result "1/2-1/2"]
[WhiteElo "2415"]
[BlackElo "2525"]
[EventDate "1988.11.13"]
[WhiteTeam "Denmark"]
[BlackTeam "West Germany"]
[PlyCount "34"]

1.d4 Nf6 2.c4 e6 3.Nf3 Bb4+ 4.Nbd2 O-O 5.a3 Be7 6.e4 d5 7.e5 Nfd7 8.cxd5
exd5 9.Bd3 c5 10.O-O Nc6 11.Re1 a5 12.dxc5 Nxc5 13.Nb3 Nxd3 14.Qxd3 Bg4
15.Nbd4 Qd7 16.Ng5 Bxg5 17.Bxg5 Nxd4 1/2-1/2

[Event "28th olm final"]
[Site "Thessaloniki"]
[Date "1988.11.15"]
[Round "3.4"]
[White "Bischoff, Klaus"]
[Black "Sahl, Bjarke"]
[Result "1-0"]
[WhiteElo "2510"]
[BlackElo "2400"]
[EventDate "1988.11.13"]
[WhiteTeam "West Germany"]
[BlackTeam "Denmark"]
[PlyCount "81"]

1.c4 c6 2.d4 d5 3.Nc3 Nf6 4.e3 e6 5.Nf3 Nbd7 6.Qc2 Bd6 7.Be2 O-O 8.O-O Re8
9.b3 e5 10.cxd5 cxd5 11.Nb5 Bb8 12.dxe5 Nxe5 13.Bb2 Nfg4 14.Nxe5 Nxe5 15.
Rac1 Bg4 16.Bxg4 Nxg4 17.h3 Nf6 18.Qf5 a6 19.Bxf6 gxf6 20.Nd4 Qd6 21.Rfd1
Qh2+ 22.Kf1 Qe5 23.Qg4+ Qg5 24.Qxg5+ fxg5 25.Nf5 b5 26.Rxd5 Ra7 27.Rc6 b4
28.Nh6+ Kf8 29.Rxg5 Be5 30.Rg8+ Ke7 31.Nf5+ Kd7 32.Rxe8 Kxe8 33.f4 Bc3 34.
Ke2 a5 35.a4 f6 36.g4 Rd7 37.Nd6+ Ke7 38.Nc4 h6 39.Rc5 Ra7 40.Rxa5 Rxa5
41.Nxa5 1-0

[Event "28th olm final"]
[Site "Thessaloniki"]
[Date "1988.11.16"]
[Round "4.2"]
[White "Hoi, Carsten"]
[Black "Gulko, Boris"]
[Result "1-0"]
[WhiteElo "2455"]
[BlackElo "2590"]
[EventDate "1988.11.13"]
[WhiteTeam "Denmark"]
[BlackTeam "United States"]
[PlyCount "61"]

1.d4 e6 2.Nf3 c5 3.e3 Nf6 4.Bd3 b6 5.O-O Bb7 6.Nbd2 cxd4 7.exd4 Be7 8.Re1
O-O 9.c3 d6 10.Qe2 Re8 11.Nf1 Nbd7 12.Ng3 Bf8 13.Bg5 h6 14.Bd2 Qc7 15.Bc2
Bd5 16.b3 Qb7 17.Nh4 b5 18.Qd3 g5 19.Nf3 Bxf3 20.gxf3 Bg7 21.h4 gxh4 22.
Ne4 Qc6 23.Kh1 Nh5 24.Rg1 Kf8 25.Rxg7 Kxg7 26.Bxh6+ Kxh6 27.Rg1 f5 28.Qe3+
f4 29.Nxd6 Qxd6 30.Qd3 Nf8 31.Qh7+ 1-0

[Event "28th olm final"]
[Site "Thessaloniki"]
[Date "1988.11.16"]
[Round "4.4"]
[White "Schandorff, Lars"]
[Black "De Firmian, Nick E"]
[Result "1/2-1/2"]
[WhiteElo "2415"]
[BlackElo "2560"]
[EventDate "1988.11.13"]
[WhiteTeam "Denmark"]
[BlackTeam "United States"]
[PlyCount "94"]

1.d4 Nf6 2.Nf3 e6 3.c4 c5 4.e3 d5 5.a3 cxd4 6.exd4 Be7 7.Nc3 Nc6 8.c5 Ne4
9.Bb5 Nxc3 10.bxc3 Bd7 11.a4 O-O 12.O-O b6 13.cxb6 axb6 14.Bf4 Rc8 15.Qd3
Na5 16.Ba6 Ra8 17.Rfb1 Ra7 18.Bb5 Bxb5 19.Qxb5 Nc4 20.Ne5 Ra5 21.Qc6 Qc8
22.Qxc8 Rxc8 23.Nxc4 Rxc4 24.Rxb6 h6 25.Rb8+ Kh7 26.Rb7 Bf6 27.Rxf7 Raxa4
28.Rxa4 Rxa4 29.g3 Kg6 30.Rc7 Kf5 31.Kg2 h5 32.h3 h4 33.Kf3 hxg3 34.fxg3
Ra3 35.g4+ Kg6 36.Ke3 Ra1 37.Kf3 Rf1+ 38.Kg3 Rd1 39.Rc6 Rd3+ 40.Kg2 Kf7
41.Rc7+ Kg6 42.Rc8 Bg5 43.Be5 Rd2+ 44.Kf3 Rd3+ 45.Kg2 Rd2+ 46.Kf3 Rd3+ 47.
Kg2 Rd2+ 1/2-1/2

[Event "28th olm final"]
[Site "Thessaloniki"]
[Date "1988.11.18"]
[Round "5.1"]
[White "Andersson, Ulf"]
[Black "Hansen, Curt"]
[Result "1/2-1/2"]
[WhiteElo "2625"]
[BlackElo "2520"]
[EventDate "1988.11.13"]
[WhiteTeam "Sweden"]
[BlackTeam "Denmark"]
[PlyCount "56"]

1.Nf3 d5 2.d4 Nf6 3.c4 c6 4.cxd5 cxd5 5.Nc3 Nc6 6.Bf4 Bf5 7.e3 e6 8.Bb5
Nd7 9.O-O Be7 10.Ne5 Ncxe5 11.Bxe5 O-O 12.Bg3 Rc8 13.Bd3 Bxd3 14.Qxd3 Qb6
15.Rab1 Rc6 16.Rfd1 Rfc8 17.h3 h6 18.e4 dxe4 19.Nxe4 Nf6 20.Nxf6+ Bxf6 21.
d5 exd5 22.Qxd5 Rc2 23.Qf5 R8c5 24.Qe4 Qc6 25.Qxc6 Rxc6 26.a4 h5 27.b3 h4
28.Bf4 Be7 1/2-1/2

[Event "28th olm final"]
[Site "Thessaloniki"]
[Date "1988.11.18"]
[Round "5.2"]
[White "Hoi, Carsten"]
[Black "Schuessler, Harry"]
[Result "1/2-1/2"]
[WhiteElo "2455"]
[BlackElo "2525"]
[EventDate "1988.11.13"]
[WhiteTeam "Denmark"]
[BlackTeam "Sweden"]
[PlyCount "94"]

1.d4 Nf6 2.Nf3 d5 3.c4 e6 4.Nc3 Be7 5.Bg5 h6 6.Bxf6 Bxf6 7.e3 O-O 8.Rc1 c6
9.Bd3 Nd7 10.cxd5 exd5 11.O-O Be7 12.a3 Bd6 13.b4 Nf6 14.h3 Qe7 15.Re1 a5
16.e4 dxe4 17.Nxe4 axb4 18.Nc5 Qd8 19.axb4 b6 20.Ne4 Bxb4 21.Re2 Bb7 22.
Ne5 c5 23.Nxf6+ Qxf6 24.Bb1 Rad8 25.Qc2 g6 26.Ba2 Kg7 27.Ng4 Qxd4 28.Re7
Rd7 29.Rxd7 Qxd7 30.Rd1 Qe7 31.Qb2+ f6 32.Qc1 g5 33.Bb1 Be4 34.Ne3 Rf7 35.
g4 c4 36.Bxe4 Qxe4 37.Nf5+ Kh7 38.Ng3 Qg6 39.Qxc4 Ba5 40.Nf5 Rc7 41.Qe6
Qf7 42.Qe4 Rd7 43.Ra1 Qd5 44.Qe8 Qc6 45.Qe2 Qd5 46.Qe8 Qc6 47.Qe2 Qd5
1/2-1/2

[Event "28th olm final"]
[Site "Thessaloniki"]
[Date "1988.11.18"]
[Round "5.3"]
[White "Hellers, Ferdinand"]
[Black "Mortensen, Erling"]
[Result "1-0"]
[WhiteElo "2490"]
[BlackElo "2470"]
[EventDate "1988.11.13"]
[WhiteTeam "Sweden"]
[BlackTeam "Denmark"]
[PlyCount "45"]

1.e4 e5 2.Nf3 Nc6 3.Bb5 a6 4.Ba4 Nf6 5.O-O Be7 6.Re1 d6 7.c3 Bg4 8.d3 Qd7
9.Nbd2 g5 10.Nf1 Rg8 11.Ne3 h5 12.d4 b5 13.Bb3 Bxf3 14.Qxf3 exd4 15.Nd5
Nxd5 16.exd5 Na5 17.Bc2 Kf8 18.cxd4 Qg4 19.Qc3 Nc4 20.b3 Nb6 21.Qxc7 Nxd5
22.Qb7 Rc8 23.h3 1-0

[Event "28th olm final"]
[Site "Thessaloniki"]
[Date "1988.11.18"]
[Round "5.4"]
[White "Schandorff, Lars"]
[Black "Hector, Jonny"]
[Result "0-1"]
[WhiteElo "2415"]
[BlackElo "2435"]
[EventDate "1988.11.13"]
[WhiteTeam "Denmark"]
[BlackTeam "Sweden"]
[PlyCount "105"]

1.d4 d5 2.Nf3 Nf6 3.c4 c6 4.Nc3 dxc4 5.a4 Bf5 6.e3 e6 7.Bxc4 Bb4 8.O-O
Nbd7 9.Qe2 Bg6 10.Bd3 Bh5 11.Ne4 Nxe4 12.Bxe4 Qe7 13.a5 a6 14.Qc4 O-O 15.
Ne1 e5 16.Bf3 Bg6 17.Nc2 Bd6 18.g3 Kh8 19.Bd2 f5 20.Rae1 Bf7 21.Qa4 e4 22.
Be2 Bd5 23.Nb4 Be6 24.f4 c5 25.Nc2 Rac8 26.Rc1 Qf7 27.Qa1 Bb3 28.Na3 cxd4
29.exd4 Qd5 30.Bc3 Bb8 31.Nc2 Ba7 32.Rfd1 Nf6 33.Qa3 Rfd8 34.Ne3 Qe6 35.
Rd2 Bxd4 36.Rxd4 Rxd4 37.Bxd4 Rxc1+ 38.Kg2 Rc8 39.Nxf5 Qxf5 40.Qxb3 Qd5
41.Qxd5 Nxd5 42.Kf2 Rc1 43.f5 Ra1 44.Bc4 Rxa5 45.g4 Nf6 46.Kg3 h6 47.h4
Ne8 48.Kf4 Nd6 49.Be6 Ra4 50.Ke3 Ra1 51.Be5 Rd1 52.g5 Rd3+ 53.Ke2 0-1

[Event "28th olm final"]
[Site "Thessaloniki"]
[Date "1988.11.19"]
[Round "6.1"]
[White "Hansen, Curt"]
[Black "Nikolic, Predrag"]
[Result "1/2-1/2"]
[WhiteElo "2520"]
[BlackElo "2585"]
[EventDate "1988.11.13"]
[WhiteTeam "Denmark"]
[BlackTeam "Yugoslavia"]
[PlyCount "26"]

1.c4 e5 2.Nc3 Nc6 3.g3 g6 4.Bg2 Bg7 5.e4 d6 6.Nge2 Nge7 7.d3 O-O 8.O-O Be6
9.Nd5 Qd7 10.Be3 Nd4 11.Nxd4 exd4 12.Nxe7+ Qxe7 13.Bd2 c6 1/2-1/2

[Event "28th olm final"]
[Site "Thessaloniki"]
[Date "1988.11.19"]
[Round "6.2"]
[White "Velimirovic, Dragoljub"]
[Black "Hoi, Carsten"]
[Result "1-0"]
[WhiteElo "2540"]
[BlackElo "2455"]
[EventDate "1988.11.13"]
[WhiteTeam "Yugoslavia"]
[BlackTeam "Denmark"]
[PlyCount "143"]

1.e4 Nc6 2.Nf3 g6 3.d4 Bg7 4.d5 Ne5 5.Nxe5 Bxe5 6.Nc3 d6 7.Be3 Bd7 8.Qd2
c6 9.Be2 Nf6 10.Bd4 Bxd4 11.Qxd4 O-O 12.dxc6 Bxc6 13.O-O-O Qa5 14.Kb1 Qc5
15.f3 Qxd4 16.Rxd4 Rfc8 17.Re1 Kg7 18.Bf1 Rc7 19.Nd1 b5 20.Ne3 a5 21.c3
Rb8 22.Be2 Nd7 23.Nd5 Bxd5 24.Rxd5 Nc5 25.Rc1 f6 26.Rd4 b4 27.cxb4 axb4
28.Rcc4 Rcb7 29.Rd2 Na4 30.Bd1 Nc5 31.Be2 Na4 32.Bd1 Nc5 33.Rd5 Ra7 34.f4
Rba8 35.e5 fxe5 36.fxe5 Rxa2 37.exd6 exd6 38.Rxd6 b3 39.Kc1 R8a5 40.Bf3
Ra1+ 41.Kd2 Rb1 42.Kc3 Rc1+ 43.Kd4 Ra4 44.Be2 Raxc4+ 45.Bxc4 Na4 46.Bxb3
Nxb2 47.Re6 Rc7 48.Rd6 Kf8 49.g4 Ke7 50.Re6+ Kf8 51.Rf6+ Kg7 52.Rd6 g5 53.
Rd8 Kf6 54.Rf8+ Kg7 55.Rd8 Kf6 56.Rd5 h6 57.Rd6+ Kg7 58.Bd5 Na4 59.Be4 Nc5
60.Rg6+ Kf8 61.Bf5 Nb3+ 62.Ke5 Nd2 63.Be6 Rh7 64.Rf6+ Ke7 65.Bd5 Kd7 66.
Ra6 Re7+ 67.Be6+ Rxe6+ 68.Rxe6 Nf3+ 69.Kf6 Nxh2 70.Re4 Kd6 71.Kf5 Kd5 72.
Re3 1-0

[Event "28th olm final"]
[Site "Thessaloniki"]
[Date "1988.11.19"]
[Round "6.3"]
[White "Mortensen, Erling"]
[Black "Sokolov, Ivan"]
[Result "1/2-1/2"]
[WhiteElo "2470"]
[BlackElo "2570"]
[EventDate "1988.11.13"]
[WhiteTeam "Denmark"]
[BlackTeam "Yugoslavia"]
[PlyCount "103"]

1.e4 e5 2.Nf3 Nc6 3.Bb5 a6 4.Ba4 Nf6 5.O-O Nxe4 6.d4 b5 7.Bb3 d5 8.dxe5
Be6 9.Be3 Be7 10.c3 O-O 11.Nbd2 Qd7 12.Bc2 f5 13.exf6 Nxf6 14.Bf4 Nh5 15.
Bg3 Bg4 16.Re1 Nf4 17.Qb1 h6 18.Ne5 Nxe5 19.Rxe5 Ne2+ 20.Kh1 c6 21.f3
Nxg3+ 22.hxg3 Bd6 23.Re3 Bh5 24.Qe1 Rae8 25.Nf1 Bxf3 26.gxf3 Qh3+ 27.Kg1
Bc5 28.Qf2 h5 29.Rae1 Rxe3 30.Nxe3 h4 31.Qg2 Qe6 32.gxh4 Bxe3+ 33.Kh1 Rf4
34.Qg3 Qe5 35.Kg2 d4 36.cxd4 Qxd4 37.Re2 Kf8 38.Qg6 Rf6 39.Qg4 Qxg4+ 40.
fxg4 Bd4 41.h5 Rf7 42.Bg6 Re7 43.Rd2 Rd7 44.Kf3 Ke7 45.Bf5 Rd5 46.Be4 Rd6
47.g5 c5 48.Bf5 c4 49.Ke4 c3 50.bxc3 Bxc3 51.Rh2 Rd2 52.Rxd2 1/2-1/2

[Event "28th olm final"]
[Site "Thessaloniki"]
[Date "1988.11.19"]
[Round "6.4"]
[White "Kovacevic, Vlatko"]
[Black "Sahl, Bjarke"]
[Result "1-0"]
[WhiteElo "2515"]
[BlackElo "2400"]
[EventDate "1988.11.13"]
[WhiteTeam "Yugoslavia"]
[BlackTeam "Denmark"]
[PlyCount "67"]

1.d4 d5 2.Nf3 Nf6 3.Bf4 c5 4.e3 Nc6 5.c3 Qb6 6.Qb3 c4 7.Qxb6 axb6 8.Na3
Ra5 9.Bc7 e5 10.Nc2 e4 11.Nd2 Ra6 12.a4 b5 13.axb5 Rxa1+ 14.Nxa1 Na7 15.b3
Nxb5 16.Ba5 b6 17.Bxb6 Nxc3 18.Ba5 Na2 19.bxc4 Ba6 20.c5 Bxf1 21.Rxf1 Nc1
22.f3 Be7 23.Kd1 Nd3 24.Ke2 O-O 25.fxe4 dxe4 26.Nxe4 Nxe4 27.Kxd3 f5 28.g4
g6 29.gxf5 gxf5 30.Nb3 Bh4 31.Nd2 Nf2+ 32.Ke2 Nh3 33.c6 f4 34.Nf3 1-0

[Event "28th olm final"]
[Site "Thessaloniki"]
[Date "1988.11.20"]
[Round "7.1"]
[White "Rogers, Ian"]
[Black "Hansen, Curt"]
[Result "0-1"]
[WhiteElo "2540"]
[BlackElo "2520"]
[EventDate "1988.11.13"]
[WhiteTeam "Australia"]
[BlackTeam "Denmark"]
[PlyCount "125"]

1.e4 d6 2.d4 Nf6 3.Nc3 g6 4.Nf3 Bg7 5.h3 O-O 6.Be3 a6 7.a4 b6 8.Bc4 e6 9.
Qd2 Bb7 10.d5 exd5 11.exd5 Nbd7 12.O-O Re8 13.Bg5 Qe7 14.Rfe1 Qf8 15.Nd4
h6 16.Rxe8 Rxe8 17.Be3 Ne4 18.Nxe4 Rxe4 19.c3 Kh7 20.Bd3 Re5 21.c4 Nc5 22.
Bc2 Qe8 23.Qe2 a5 24.Qf3 Kg8 25.Nb5 Re7 26.Rb1 Ba6 27.b3 Bxb5 28.axb5 Qf8
29.h4 h5 30.g4 hxg4 31.Qxg4 Nd7 32.Kg2 Nf6 33.Qf3 Nh5 34.Rg1 Re8 35.Kf1
Qe7 36.Rg5 Qf6 37.Qxf6 Nxf6 38.Rg1 Kf8 39.Bg5 Nd7 40.Rh1 Bc3 41.Rh3 Re1+
42.Kg2 Bd4 43.Rd3 Bc5 44.Rd1 Re2 45.Rd2 Re8 46.Kf1 Ne5 47.Bh6+ Ke7 48.Re2
Rh8 49.Bf4 Kf6 50.Bg5+ Kg7 51.f4 Nf3 52.f5 gxf5 53.Rg2 f6 54.Be3+ Kf8 55.
Bxc5 dxc5 56.Bxf5 Nd4 57.Be6 Nxe6 58.dxe6 Rxh4 59.Rd2 Rf4+ 60.Kg1 Rd4 61.
Rg2 Re4 62.Rd2 Rd4 63.Rg2 0-1

[Event "28th olm final"]
[Site "Thessaloniki"]
[Date "1988.11.20"]
[Round "7.2"]
[White "Hansen, Lars Bo"]
[Black "Solomon, Stephen"]
[Result "1-0"]
[WhiteElo "2455"]
[BlackElo "2345"]
[EventDate "1988.11.13"]
[WhiteTeam "Denmark"]
[BlackTeam "Australia"]
[PlyCount "89"]

1.d4 Nf6 2.c4 e6 3.g3 d5 4.Nf3 Be7 5.Bg2 O-O 6.O-O dxc4 7.Qc2 a6 8.Qxc4 b5
9.Qc2 Bb7 10.Bg5 Nbd7 11.Nbd2 Rc8 12.Bxf6 Nxf6 13.Nb3 Bd5 14.Qc3 Nd7 15.
Rfd1 c6 16.Ne1 Bxg2 17.Kxg2 Qb6 18.Rac1 c5 19.dxc5 Nxc5 20.Nxc5 Bxc5 21.
Qf3 Bd4 22.Nd3 f5 23.b3 b4 24.Rxc8 Rxc8 25.e4 g6 26.Re1 Bc3 27.Re2 Qc6 28.
h4 Rd8 29.Nf4 Rd1 30.Nh3 e5 31.Ng5 Qd7 32.h5 Kg7 33.hxg6 hxg6 34.exf5 gxf5
35.Qh5 Qc6+ 36.Nf3 Qf6 37.Nh4 Qc6+ 38.f3 Qc5 39.Qg6+ Kf8 40.Nxf5 Rg1+ 41.
Kh2 Rd1 42.Re4 Bd4 43.Qf6+ Ke8 44.Nxd4 Rd2+ 45.Kh3 1-0

[Event "28th olm final"]
[Site "Thessaloniki"]
[Date "1988.11.20"]
[Round "7.3"]
[White "West, Guy"]
[Black "Mortensen, Erling"]
[Result "1-0"]
[WhiteElo "2300"]
[BlackElo "2470"]
[EventDate "1988.11.13"]
[WhiteTeam "Australia"]
[BlackTeam "Denmark"]
[PlyCount "55"]

1.e4 c5 2.f4 g6 3.Nf3 Bg7 4.Nc3 Nc6 5.Bc4 e6 6.f5 Nge7 7.fxe6 dxe6 8.O-O
a6 9.a4 h6 10.d3 g5 11.Kh1 Ng6 12.Be3 b6 13.Ne1 Nge5 14.Qh5 Ra7 15.Ba2 Qd6
16.Nf3 Nd4 17.Nxe5 Qxe5 18.Rf2 O-O 19.Raf1 f5 20.Bxd4 cxd4 21.Rxf5 dxc3
22.Rxf8+ Bxf8 23.Qe8 Qc5 24.b4 Qe7 25.Qxc8 Kg7 26.Qxc3+ Kg6 27.Bxe6 Qxb4
28.Qf6+ 1-0

[Event "28th olm final"]
[Site "Thessaloniki"]
[Date "1988.11.20"]
[Round "7.4"]
[White "Schandorff, Lars"]
[Black "Depasquale, Chris"]
[Result "1-0"]
[WhiteElo "2415"]
[BlackElo "2325"]
[EventDate "1988.11.13"]
[WhiteTeam "Denmark"]
[BlackTeam "Australia"]
[PlyCount "133"]

1.d4 f5 2.g3 Nf6 3.Bg2 g6 4.Nf3 Bg7 5.O-O O-O 6.b3 d6 7.Bb2 c6 8.Nbd2 Na6
9.Re1 Qe8 10.e3 h6 11.a3 Nc7 12.Qe2 Qf7 13.c4 Bd7 14.Rf1 Rae8 15.Ne1 e5
16.dxe5 dxe5 17.Nd3 Nh7 18.e4 f4 19.c5 Ng5 20.f3 Qe7 21.Nc4 Nf7 22.b4 g5
23.Rad1 Nb5 24.Ndxe5 Nxe5 25.Nxe5 Bxe5 26.Bxe5 Qxe5 27.Rxd7 Re7 28.Rfd1
Rff7 29.Qc4 Kg7 30.Rxe7 Rxe7 31.Rd8 Rf7 32.a4 Nc7 33.gxf4 gxf4 34.Qd4
Qxd4+ 35.Rxd4 a5 36.Bf1 axb4 37.Rxb4 Ne6 38.Bc4 Kf6 39.Bxe6 Kxe6 40.Rd4
Rg7+ 41.Kf2 Rg5 42.Rd6+ Ke7 43.Rxh6 Rxc5 44.Rh7+ Kd6 45.Rxb7 Rc2+ 46.Kg1
Ra2 47.h4 c5 48.h5 c4 49.h6 Rxa4 50.h7 Ra8 51.Rb6+ Ke5 52.Rh6 Rh8 53.Kf2
Kd4 54.Ke2 c3 55.Rd6+ Ke5 56.Rd5+ Ke6 57.Rh5 Kf7 58.Kd3 Kg6 59.Rh1 Kg7 60.
Kc2 Kf7 61.Kxc3 Kg7 62.Kd4 Rd8+ 63.Ke5 Kh8 64.Kxf4 Rf8+ 65.Ke3 Ra8 66.Rh5
Ra3+ 67.Kf4 1-0

[Event "28th olm final"]
[Site "Thessaloniki"]
[Date "1988.11.21"]
[Round "8.1"]
[White "Hansen, Curt"]
[Black "McNab, Colin Anderson"]
[Result "1-0"]
[WhiteElo "2520"]
[BlackElo "2410"]
[EventDate "1988.11.13"]
[WhiteTeam "Denmark"]
[BlackTeam "Scotland"]
[PlyCount "67"]

1.d4 d6 2.e4 g6 3.c4 e5 4.Nf3 Nd7 5.Nc3 Bg7 6.Be2 Ngf6 7.O-O O-O 8.Qc2 c6
9.Rd1 Qe7 10.d5 c5 11.Bg5 h6 12.Bh4 g5 13.Bg3 Nh5 14.Nd2 Ndf6 15.Nf1 Nf4
16.Ne3 Nxe2+ 17.Qxe2 Nxe4 18.Nxe4 f5 19.b4 cxb4 20.c5 fxe4 21.cxd6 Qxd6
22.Nc4 Qa6 23.Rac1 Bf5 24.Qb2 Rac8 25.Qxb4 Qxa2 26.Ne3 Rxc1 27.Rxc1 Bg6
28.Qxb7 Rf7 29.Qc8+ Kh7 30.d6 Qa4 31.h3 Rf8 32.d7 Qa5 33.Rc7 Qd2 34.Qxf8
1-0

[Event "28th olm final"]
[Site "Thessaloniki"]
[Date "1988.11.21"]
[Round "8.2"]
[White "Thomson, Craig"]
[Black "Hansen, Lars Bo"]
[Result "0-1"]
[WhiteElo "2340"]
[BlackElo "2455"]
[EventDate "1988.11.13"]
[WhiteTeam "Scotland"]
[BlackTeam "Denmark"]
[PlyCount "56"]

1.d4 e6 2.c4 Bb4+ 3.Bd2 Qe7 4.e4 Nf6 5.e5 Ne4 6.Bd3 Nxd2 7.Nxd2 c5 8.Nf3
cxd4 9.O-O Nc6 10.Be4 f6 11.exf6 gxf6 12.Nb3 O-O 13.Nfxd4 f5 14.Bf3 e5 15.
Bd5+ Kh8 16.a3 Bd6 17.Nb5 Bb8 18.c5 a6 19.Nc3 d6 20.Bc4 dxc5 21.Nd5 Qd8
22.Nxc5 b6 23.Nd3 Bb7 24.N3b4 Nd4 25.Nc3 a5 26.Nc2 Qd6 27.Nb5 Qc6 28.Ne3
Nxb5 0-1

[Event "28th olm final"]
[Site "Thessaloniki"]
[Date "1988.11.21"]
[Round "8.3"]
[White "Hoi, Carsten"]
[Black "Morrison, Graham"]
[Result "1-0"]
[WhiteElo "2455"]
[BlackElo "2325"]
[EventDate "1988.11.13"]
[WhiteTeam "Denmark"]
[BlackTeam "Scotland"]
[PlyCount "57"]

1.d4 Nf6 2.c4 e6 3.Nc3 Bb4 4.e3 c5 5.Bd3 Nc6 6.Ne2 cxd4 7.exd4 d5 8.O-O
O-O 9.Bg5 Be7 10.a3 dxc4 11.Bxc4 b6 12.Qd3 Bb7 13.Rad1 Nd5 14.Bd2 Rc8 15.
Ba2 Rc7 16.Nxd5 exd5 17.Nf4 Rd7 18.Rfe1 Bf6 19.Bc3 Ne7 20.Nh5 Ng6 21.f4 a5
22.Bb1 Rd6 23.f5 Ne7 24.Bd2 Nc6 25.Nxf6+ Qxf6 26.Bf4 Rd7 27.Qg3 Qd8 28.f6
g6 29.Qh4 1-0

[Event "28th olm final"]
[Site "Thessaloniki"]
[Date "1988.11.21"]
[Round "8.4"]
[White "Mannion, Stephen"]
[Black "Schandorff, Lars"]
[Result "0-1"]
[WhiteElo "2285"]
[BlackElo "2415"]
[EventDate "1988.11.13"]
[WhiteTeam "Scotland"]
[BlackTeam "Denmark"]
[PlyCount "53"]

1.e4 c5 2.Nf3 d6 3.d4 cxd4 4.Nxd4 Nf6 5.Nc3 a6 6.f4 e5 7.Nf3 Nbd7 8.a4 Be7
9.Bd3 O-O 10.O-O exf4 11.Kh1 Ne5 12.Bxf4 Qc7 13.Qd2 Be6 14.Nd4 Rac8 15.Bg5
Nfg4 16.h3 Bxg5 17.Qxg5 Qc5 18.Nf5 Bxf5 19.Nd5 Be6 20.Ne7+ Kh8 21.Nxc8
Rxc8 22.b4 Nf2+ 23.Rxf2 Qxf2 24.Rf1 f6 25.Qh5 Qg3 26.b5 Nxd3 27.cxd3 0-1

[Event "28th olm final"]
[Site "Thessaloniki"]
[Date "1988.11.22"]
[Round "9.1"]
[White "Nogueiras, Jesus"]
[Black "Hansen, Curt"]
[Result "1/2-1/2"]
[WhiteElo "2550"]
[BlackElo "2520"]
[EventDate "1988.11.13"]
[WhiteTeam "Cuba"]
[BlackTeam "Denmark"]
[PlyCount "49"]

1.d4 Nf6 2.c4 c5 3.d5 g6 4.Nc3 Bg7 5.e4 d6 6.Nf3 O-O 7.Bd3 a6 8.a4 e6 9.h3
exd5 10.cxd5 Nbd7 11.Bf4 Qe7 12.O-O Nh5 13.Bh2 Ne5 14.Nxe5 Bxe5 15.f4 Bd4+
16.Kh1 Bd7 17.Qf3 b5 18.g4 Ng7 19.axb5 axb5 20.Rxa8 Rxa8 21.e5 c4 22.Bb1
Ra1 23.Ne4 Ne8 24.Ng5 Bc8 25.e6 1/2-1/2

[Event "28th olm final"]
[Site "Thessaloniki"]
[Date "1988.11.22"]
[Round "9.2"]
[White "Hansen, Lars Bo"]
[Black "Rodriguez Cespedes, Amador"]
[Result "1/2-1/2"]
[WhiteElo "2455"]
[BlackElo "2550"]
[EventDate "1988.11.13"]
[WhiteTeam "Denmark"]
[BlackTeam "Cuba"]
[PlyCount "53"]

1.d4 Nf6 2.c4 e6 3.g3 d5 4.Bg2 dxc4 5.Nf3 Bd7 6.Qc2 c5 7.Qxc4 Bc6 8.dxc5
Nbd7 9.Be3 Bd5 10.Qb4 a5 11.Qh4 Bxc5 12.Bxc5 Nxc5 13.Nc3 O-O 14.Qd4 Qb6
15.Nxd5 Nxd5 16.Rc1 Rac8 17.O-O Rfd8 18.Rfd1 h6 19.Ne5 Nf6 20.Nc4 Qc7 21.
Qe3 Rxd1+ 22.Rxd1 Na4 23.b3 b5 24.Nd6 Nc3 25.Rd3 Rd8 26.Rxc3 Qxd6 27.Rd3
1/2-1/2